00818nam a22002297i 4500003000900000005001700009008004100026040004300067082002600110100002700136245008400163264005000247300004000297336002400337337002800361338004300389546002400432650003500456651000600491700003400497856005700531EG-GICUC20260204191208.0260204s1928 fr ||||fr|||| 000 0 fre d aEG-GiCUCbfrecEG-GiCUCdEG-GiCUCeRda04221a341.83051bES . D1 aEscarra, Jean eAuteur10aDroits Et Intérêts Étrangers En Chine / cJean Escarra ; Wang Chung-hui.  1aparis : bLibrairie Du Recueil Sirey, c1928. a88 page : billustration ;c 24 cm. 2rda contenua texte 2rda mediasaOrdinateur 2 transporteur rdaa Ressource en ligne aTexte en français14aDroit international privé2 1 2 1 aChung-hui, Wang ePréfacier40uhttps://fll.law.cu.edu.eg/fulltext/bks/B12-02191.pdf